La mort était extravagante
Uloženo v:
| Hlavní autor: | |
|---|---|
| Médium: | Kniha |
| Jazyk: | francouzština |
| Vydáno: |
Quebec
Du Noroît
1975
|
| Témata: | |
| Tagy: |
Přidat tag
Žádné tagy, Buďte první, kdo vytvoří štítek k tomuto záznamu!
|
MARC
| LEADER | 00000nam a2200000 a 4500 | ||
|---|---|---|---|
| 001 | UCQ4801 | ||
| 003 | CL-VaPUC | ||
| 008 | 980910e19750000CN |||||||||||||||||fre|d | ||
| 082 | 0 | 4 | |a C811 |b AMY |2 21 |
| 100 | 0 | |a Amyot, Geneviève |e author |9 418989 | |
| 245 | 1 | 3 | |a La mort était extravagante |
| 300 | |a 910 p | ||
| 942 | |c BK | ||
| 945 | |d 19980910 00:00:00 |a crobeson | ||
| 260 | |a Quebec |b Du Noroît |c 1975 | ||
| 650 | 0 | |a Poesías canadienses |9 314771 | |
| 650 | 0 | |a Literatura canadiense |9 342826 | |
| 583 | |a last modification |c 19980910 00:00:00 |k Rodrigo Vera | ||
| 999 | |c 275103 |d 275101 | ||
| 952 | |0 0 |1 0 |4 0 |6 C_811_000000000000000_AMY_1975 |7 0 |8 A |9 311648 |a BIBEDU |b BIBEDU |d 2019-11-20 |i 1465678 |o C811 AMY 1975 |p 1465678 |r 2019-11-20 |w 2019-11-20 |y BK |k LIT | ||